=LDR 00000nam 2200000 4500 =001 INLIS000000000002635 =005 20130612090946 =008 ***********************************Ind** =035 ##$$0010-061300000002635 =041 ##$$a Ind =082 ##$$a 307.76 =090 ##$$a 307.76, Mah m =100 ##$$a Mahayana, Dimitri =245 ##$$a Menjemput masa depan, futuristik dan rekayasa masyarakat menuju rra global =260 ##$$a 1999 $b Bandung =300 ##$$a xii, 204 hlm, 21 cm =650 ##$$a Masyarakat Modern =650 ##$$a Motivasi Futuristik =850 ##$$a NBPNMAT